Guess the Railroad Based on the Named Passenger Train - Statistics

General Stats
  • This quiz has been taken 7 times
  • The average score is 11 of 15
Answer Stats
Hint Answer % Correct
Super Chief Atchison, Topeka & Santa Fe Railway
100%
George Washington Chesapeake & Ohio Railway
86%
Olympian Hiawatha Chicago, Milwaukee, St. Paul & Pacific Railroad
86%
Empire Builder Great Northern Railway
86%
Broadway Limited Pennsylvania Railroad
86%
Crescent Limited Southern Railway
86%
Overland Limited Union Pacific Railroad
86%
Capitol Limited Baltimore & Ohio Railway
71%
20th Century Limited New York Central Railroad
71%
Orange Blossom Special Seaboard Air Line Railroad
71%
Nebraska Zephyr Chicago, Bulington & Quincy
57%
Powhatan Arrow Norfolk & Western Railway
57%
California Zephyr Western Pacific Railroad
57%
Flying Yankee Boston and Maine Railroad
43%
Texas Eagle Missouri Pacific Railroad
43%
No matching quizzes found
Score Distribution
Percent of People with Each Score
Percentile by Number Answered
Your Score History
You have not taken this quiz